LEADER 01073nam0 22002891i 450 001 UON00332563 005 20231205104226.325 010 $a84-322-3061-8 100 $a20090922d1977 |0itac50 ba 101 $aspa 102 $aES 105 $a|||| 1|||| 200 1 $aOcnos$fLuis Cernuda$gEdición, introducción y notas de D. Musacchio 210 $a[Barcelona]$cSeix Barral$dc1977 215 $a196 p.$d19 cm. 410 1$1001UON00175503$12001 $aBiblioteca de Bolsillo$1210 $aBarcelona $cSeix Barral 620 $aES$dBarcelona$3UONL003004 676 $a863$cNarrativa spagnola$v21 700 1$aCERNUDA$bLuis$3UONV165138$0131467 702 1$aMUSACCHIO$bDaniele$3UONV188860 712 $aSeix Barral$3UONV266362$4650 801 $aIT$bSOL$c20240220$gRICA 899 $aSIBA - SISTEMA BIBLIOTECARIO DI ATENEO$2UONSI 912 $aUON00332563 950 $aSIBA - SISTEMA BIBLIOTECARIO DI ATENEO$dSI SPA IV 0065 $eSI LO 42401 5 0065 996 $aOcnos$9215290 997 $aUNIOR